Loading...
| Science - Chemistry | 0 | 3 | 0 | 2 | 30 | 20 | 81.00 | 1 | 2 | 7.46 | 15.15 |
| Fine Arts - Other | 0 | 3 | 0 | 1 | 30 | 101 | 119.00 | 0 | 1 | 1.93 | 12.12 |
| Science - Other | 0 | 2 | 0 | 2 | 20 | 118 | 118.50 | 0 | 0 | 0.44 | 3.03 |
| Science - Biology | 0 | 2 | 0 | 1 | 20 | 94 | 110.00 | 0 | 1 | 1.59 | 4.55 |
| Literature - American | 0 | 2 | 0 | 0 | 20 | 95 | 98.50 | 0 | 0 | 6.29 | 7.58 |
| History - European | 0 | 2 | 0 | 1 | 20 | 110 | 120.00 | 0 | 0 | 1.28 | 3.33 |
| History - American | 0 | 2 | 0 | 1 | 20 | 59 | 86.00 | 0 | 1 | 5.13 | 11.82 |
| Popular Culture | 0 | 1 | 0 | 0 | 10 | 134 | 134.00 | 0 | 0 | 0.72 | 12.50 |
| Religion | 0 | 1 | 0 | 0 | 10 | 109 | 109.00 | 0 | 1 | 0.76 | 7.58 |
| Social Science | 0 | 1 | 0 | 0 | 10 | 90 | 90.00 | 0 | 0 | 1.52 | 3.03 |
| Fine Arts - Painting and Sculpture | 0 | 1 | 0 | 0 | 10 | 97 | 97.00 | 0 | 0 | 1.68 | 1.52 |
| History - Other | 0 | 1 | 0 | 1 | 10 | 141 | 141.00 | 0 | 0 | 0.00 | 1.52 |
| History - World | 0 | 1 | 0 | 1 | 10 | 138 | 138.00 | 0 | 0 | 0.00 | 1.82 |
| Literature - British | 0 | 1 | 0 | 0 | 10 | 84 | 84.00 | 0 | 0 | 3.86 | 1.82 |
| Literature - World | 0 | 1 | 0 | 1 | 10 | 135 | 135.00 | 0 | 0 | 0.20 | 1.52 |
| Mythology | 0 | 1 | 0 | 1 | 10 | 120 | 120.00 | 0 | 0 | 0.15 | 1.52 |
| Philosophy | 0 | 1 | 1 | 1 | 5 | 127 | 127.00 | 0 | 0 | 0.00 | 1.52 |
| Science - Physics | 0 | 2 | 3 | 1 | 5 | 54 | 83.50 | 1 | 1 | 4.97 | 10.61 |
| Fine Arts - Classical Music | 0 | 1 | 1 | 0 | 5 | 55 | 55.00 | 0 | 1 | 4.63 | 7.58 |
| Other Academic | 0 | 0 | 1 | 0 | -5 | 0.00 | 0 | 0 | 0.00 | 0.00 |